000 00711nam a2200253Ia 4500
003 OSt
005 20221007064014.0
006 a|||||r|||| 00| 0
007 ta
008 221006b |||||||| |||| 00| 0 eng d
020 _a9781107514539
024 _a46,136
037 _cTextual
040 _aFLL
_cFLL
_beng
041 _2eng
_aeng
082 _aZ0aR1, Q7
100 _aGLENN H. patrick Ed.
_932766
245 0 _aLaw and the new logics
260 _aCambridge
_bCambridge university press UK
_c2017
300 _a285p. xiv
_ccm.
700 _a SMITH Lionel D. Ed.
_932768
942 _hZ0aR1, Q7
_cTEXL
_2CC
999 _c1132770
_d1132770